Statistics for England Euro 2020 Squad

Click here to take the quiz!

General Stats

  • This quiz has been taken 126 times
  • The average score is 16 of 27

Answer Stats

PositionPlayerClub% Correct
FWHarry KaneTottenham Hotspur
95%
GKJordan PickfordEverton
93%
FWMarcus RashfordManchester United
83%
DFHarry MaguireManchester United
79%
DFJohn StonesManchester City
79%
FWRaheem SterlingManchester City
78%
ManagerGareth Southgate
76%
DFKyle WalkerManchester City
74%
MFJordan HendersonLiverpool
70%
FWBukayo SakaArsenal
68%
GKDean HendersonManchester United
68%
DFLuke ShawManchester United
66%
FWPhil FodenManchester City
64%
MFDeclan RiceWest Ham United
61%
FWJack GrealishAston Villa
59%
DFTrent Alexander-ArnoldLiverpool
59%
FWJadon SanchoBorussia Dortmund
58%
DFKieran TrippierAtlético Madrid
58%
MFJude BellinghamBorussia Dortmund
56%
MFKalvin PhillipsLeeds United
51%
MFMason MountChelsea
49%
DFReece JamesChelsea
44%
DFBen ChilwellChelsea
40%
DFTyrone MingsAston Villa
36%
GKSam JohnstoneWest Brom
33%
DFConor CoadyWolves
26%
FWDominic Calvert-LewinEverton
23%

Score Distribution

Percentile by Number Answered

Percent of People with Each Score

Your Score History

You have not taken this quiz